Rappers - Statistics

General Stats
  • This quiz has been taken 27 times
    12 since last reset
  • The average score is 38 of 45
Answer Stats
Question Tile Select % Correct
Who quit rap and switched to rock because of Eminem Benzino No
100%
Who quit rap and switched to rock because of Eminem Insane Clown Posse No
100%
Who quit rap and switched to rock because of Eminem Joe Budden No
100%
Who quit rap and switched to rock because of Eminem Mariah Carey No
100%
Who quit rap and switched to rock because of Eminem Nick Cannon No
100%
Who quit rap and switched to rock because of Eminem Will Smith No
100%
Who made the fast rap called "Godzilla" 2pac No
90%
Who is alive 2pac No
90%
Who is alive Biggie No
90%
Who died from a seizure Big Scarr No
90%
Who made the fast rap called "Godzilla" Bone Thugs'n'Harmony No
90%
Who made the fast rap called "Godzilla" Busta Rhymes No
90%
Who quit rap and switched to rock because of Eminem Christina Aguilera No
90%
Who made the fast rap called "Godzilla" DMX No
90%
Who is alive Dr. Dre Yes
90%
Who made the fast rap called "Godzilla" Eminem Yes
90%
Who made the fast rap called "Godzilla" Ghostface Killah No
90%
Who quit rap and switched to rock because of Eminem Ja Rule No
90%
Who is alive Juice WRLD No
90%
Who died from a seizure Proof No
90%
Who made the fast rap called "Godzilla" Snoop Dogg No
90%
Who died from a seizure Takeoff No
90%
Who made the fast rap called "Godzilla" The Notorious B.I.G No
90%
Who died from a seizure Tupac Shakur No
90%
Who made the fast rap called "Godzilla" XXXTentacion No
90%
Who died from a seizure XXXTentacion No
90%
Who is alive XXXTentacion No
90%
Who made the rap "Notorious Thugs" 2pac No
80%
Who died from a seizure Big Pun No
80%
Who is alive Big Pun No
80%
Who is alive Camoflauge No
80%
Who is alive Chinx No
80%
Who is alive DMX No
80%
Who made the rap "Notorious Thugs" King Von No
80%
Who made the rap "Notorious Thugs" Lil Pump No
80%
Who made the rap "Notorious Thugs" Lil Wayne No
80%
Who quit rap and switched to rock because of Eminem Machine Gun Kelly Yes
80%
Who made the rap "Notorious Thugs" Rakim No
80%
Who made the rap "Notorious Thugs" Redman No
80%
Who made the rap "Notorious Thugs" XXXTentacion No
80%
Who died from a seizure DMX No
70%
Who made the rap "Notorious Thugs" Eazy E No
70%
Who made the rap "Notorious Thugs" The Notorious B.I.G Yes
70%
Who died from a seizure Mac Miller No
40%
Who died from a seizure Juice WRLD Yes
30%
No matching quizzes found
Score Distribution
Percent of People with Each Score
Percentile by Number Answered
Your Score History
You have not taken this quiz since the last reset